|
|
|
|
| LEADER |
00987nam a2200313 4500 |
| 001 |
DLU110117432 |
| 005 |
##20101221 |
| 040 |
# |
# |
|a DLU
|b eng
|
| 041 |
# |
# |
|a eng
|
| 044 |
# |
# |
|a us
|
| 245 |
# |
# |
|a Covariates of substance-use lnitiation for Venezuelan youth : Using a multilevel approach to guide prevention programs /
|c Ronald B. Cox ... [et al.].
|
| 653 |
# |
# |
|a Drug use
|
| 653 |
# |
# |
|a Prevention program
|
| 653 |
# |
# |
|a Substance use
|
| 653 |
# |
# |
|a Venezuelan youth
|
| 700 |
# |
# |
|a Blow, Adrian J.
|
| 700 |
# |
# |
|a Cardona, Jose Ruben Parra.
|
| 700 |
# |
# |
|a Cox, Ronald B.
|
| 700 |
# |
# |
|a Maier, Kimberly S.
|
| 773 |
# |
# |
|t Journal of studies on alcohol and drugs
|g Vol. 71, no. 3 (May 2010), p. 424-433
|
| 920 |
# |
# |
|a Phòng Tạp chí -- Trung tâm Thông tin - Thư viện Trường Đại học Đà Lạt
|
| 994 |
# |
# |
|a DLU
|
| 900 |
# |
# |
|a True
|
| 911 |
# |
# |
|a Trương Bảo Trâm Anh
|
| 925 |
# |
# |
|a G
|
| 926 |
# |
# |
|a A
|
| 927 |
# |
# |
|a BB
|
| 980 |
# |
# |
|a Thư viện Trường Đại học Đà Lạt
|